000 00440nam a2200181Ia 4500
001 16203
005 20260306170252.0
008 260306t1997||||xx |||||||||||||| ||und||
041 _aESP
082 _a347.32L
_bL55
100 _aBolsa de Valores de Lima
_eAUT
245 0 _aLey del mercado de valores:
_bDecreto legislativo No. 861
260 _c1997
300 _a
_c
650 _aGEN
654 _aCDE
942 _cLIB
_dJUS
_fJUS
_2ddc
_n
999 _c16203
_d16203